000 00685nam a2200205 a 4500
001 000014713
005 20240412074241.0
008 100119s2007 dr 001 m spa d
020 _z9945978420289
040 _aDO-SdBNP
_bspa
_cBNPHU
082 _aRD868.44
_bA185e
100 1 _aAcosta, Oscar
_933368
245 1 0 _aEntre cuentos y poemas :
_bdos generaciones /
_cOscar Acosta.
260 _aSan Francisco de Macorís, República Dominicana :
_bEdiciones Rumbo Sur:
_bNacional,
_c2007.
300 _a101 p. ;
_c18 cm.
650 0 _aCuentos dominicanos
_9176
650 0 _aPoesía dominicana
_966
650 0 _aLiteratura dominicana.
_967
910 _aValidado. Control de calidad BNPHU
999 _c14296
_d14296